000 00575nam a2200193Ia 4500
003 GCL
008 140319s9999 xx 000 0 ara d
040 _aGCL /
_cGCL
082 0 4 _a810.193
_bس ج
100 1 _aسيد صديق عبدالفتاح
245 1 0 _aالجمال كما يراه الفلاسفة والادباء /
_cسيد صديق عبدالفتاح
260 _a[S.N] :
_bدار الهدى ،
_c1994
300 _a453 ص
490 _a
650 0 4 _aالادب العربى
650 0 4 _aالجمال
650 0 4 _aتاريخ ونقد
942 _2ddc
_cBK
999 _c54829
_d54829